| Tag |
First Indicator |
Second Indicator |
Subfields |
| LEADER |
00000cam a2200000 4500 |
| 001 |
in00000447913 |
| 005 |
20151012161538.0 |
| 008 |
750227r19691891nyu 00100beng u |
| 035 |
|
|
|a (OCoLC)01192175
|
| 035 |
|
|
|9 ABZ4338AM
|
| 040 |
|
|
|c UTS
|d TXA
|d UtOrBLW
|
| 049 |
|
|
|a TXAM
|c [1553950]
|
| 090 |
|
|
|a F97
|b .H78 1969
|
| 092 |
|
|
|a 285/.8/0924
|
| 100 |
1 |
|
|a Walker, George Leon,
|d 1830-1900.
|
| 245 |
1 |
0 |
|a Thomas Hooker :
|b preacher, founder, democrat.
|
| 264 |
|
1 |
|a New York :
|b Garrett Press, Inc.,
|c 1969.
|
| 300 |
|
|
|a vi., 203 pages ;
|c 23 cm.
|
| 336 |
|
|
|a text
|b txt
|2 rdacontent
|
| 337 |
|
|
|a unmediated
|b n
|2 rdamedia
|
| 338 |
|
|
|a volume
|b nc
|2 rdacarrier
|
| 500 |
|
|
|a Reprint of the 1891 edition published by Dodd, Mead, New York, which was issued in Makers of America.
|
| 504 |
|
|
|a "Published works": pages 184-195.
|
| 600 |
1 |
0 |
|a Hooker, Thomas,
|d 1586-1647.
|
| 651 |
|
0 |
|a Connecticut
|x History
|y Colonial period, ca. 1600-1775.
|
| 830 |
|
0 |
|a Makers of America.
|
| 999 |
|
|
|a MARS
|
| 999 |
f |
f |
|s 09afd844-f993-30ba-a3cb-74d3ac237c61
|i d7e09196-72ab-3bbb-8eed-2868774a9266
|t 0
|
| 952 |
f |
f |
|p ric
|a Texas A&M University
|b Rellis Campus
|c Joint Library Facility
|d Remote Storage
|t 0
|e F97 .H78 1969
|h Library of Congress classification
|i unmediated -- volume
|m A14802269827
|
| 998 |
f |
f |
|a F97 .H78 1969
|t 0
|l Remote Storage
|